LEADER 01146nam0 2200313 450 001 000035242 005 20131205101737.0 010 $a978-88-7710-906-4 100 $a20131031d2012----km-y0itaa50------ba 101 0 $aita 102 $aIT 200 1 $aDebussy e il mistero$fVladimir Jankélévitch$ga cura di Enrica Lisciani Petrini$gtraduzione di Carlo Migliaccio 210 $aMilano$cSE$d2012 215 $a149 p.$cill.$d22 cm 225 2 $aTesti e documenti$v219 410 0$12001$aTesti e documenti$v219 600 1$aDebussy,$bClaude$xMistero 676 $a781.11$v(22. ed.)$9Musica. Principi psicologici 700 1$aJankélévitch,$bVladimir$0757339 702 1$aLisciani Petrini,$bEnrica 702 1$aMigliaccio$bCarlo 801 0$aIT$bUniversità della Basilicata - B.I.A.$gREICAT$2unimarc 912 $a000035242 996 $aDebussy e il mistero$91529697 997 $aUNIBAS CAT $aEXT014$b01$c20131031$lBAS01$h0949 CAT $aMDL$b30$c20131205$lBAS01$h1017 FMT Z30 -1$lBAS01$LBAS01$mBOOK$1BASA1$APolo Storico-Umanistico$2DID$BDidattica$3FM/112071$6112071$5L112071$820131031$f04$FPrestabile Didattica LEADER 01299nam 2200445 450 001 9910828561103321 005 20230808201334.0 010 $a88-921-6417-1 035 $a(CKB)3710000001020650 035 $a(MiAaPQ)EBC4784126 035 $a(Au-PeEL)EBL4784126 035 $a(CaPaEBR)ebr11329297 035 $a(OCoLC)971365979 035 $a(EXLCZ)993710000001020650 100 $a20170120h20162016 uy 0 101 0 $aita 135 $aurcnu|||||||| 181 $2rdacontent 182 $2rdamedia 183 $2rdacarrier 200 10$aFabbisogno finanziario, equlibrio e redditivita? /$fAntonio Renzi, Gianluca Vagnani 210 1$aTorino, [Italy] :$cG. Giappichelli Editore,$d2016. 210 4$d©2016 215 $a1 online resource (145 pages) 311 $a88-921-0682-1 320 $aIncludes bibliographical references. 606 $aFinance$xManagement 606 $aCrisis management 615 0$aFinance$xManagement. 615 0$aCrisis management. 676 $a363.610681 700 $aRenzi$b Antonio$03771 702 $aVagnani$b Gianluca 801 0$bMiAaPQ 801 1$bMiAaPQ 801 2$bMiAaPQ 906 $aBOOK 912 $a9910828561103321 996 $aFabbisogno finanziario, equlibrio e redditivita?$94117308 997 $aUNINA